Statistics for Golfers 1 tournament shy of the Grand Slam

Click here to take the quiz!

General Stats

  • This quiz has been taken 63 times
  • The average score is 5 of 10

Answer Stats

DescriptionAnswer% Correct
4 Masters Tournaments, 2 Open Championships, and 1 US Open ChampionshipArnold Palmer
76%
3 Masters Tournaments, 1 Open Championship, and 1 PGA ChampionshipPhil Mickelson
68%
1 Open Championship, 1 PGA Championship, and 1 US Open ChampionshipRory McIlroy
66%
5 Open Championships, 2 Masters Tournaments, and 1 US Open ChampionshipTom Watson
63%
3 Masters Tournaments, 3 PGA Championships, and 1 Open ChampionshipSam Snead
56%
2 US Open Championships, 2 Open Championships, and 2 PGA ChampionshipsLee Trevino
54%
5 PGA Championships, 4 Open Championships, and 2 US Open ChampionshipsWalter Hagen
51%
2 PGA Championships, 1 Masters Tournament, and 1 US Open ChampionshipRaymond Floyd
20%
2 Masters Tournaments, 2 PGA Championships, and 1 US Open ChampionshipByron Nelson
15%
1 US Open Championship, 1 Open Championship, and 1 PGA ChampionshipTommy Armour
15%

Score Distribution

Percentile by Number Answered

Percent of People with Each Score

Your Score History

You have not taken this quiz